000 00489nam a22001697a 4500
003 OSt
005 20120302150218.0
008 090620t xxu||||| |||| 00| 0 eng d
035 _a५४४६
040 _cमराठी
245 _aस्मृतीसुगंध
250 _a१ ली
260 _aपुणे
_bवरदा
_c१९८८
300 _b२८८ पाने
700 _aअदवंत, म. ना. - संपा.
_96604
942 _2ddc
_cBOOK
999 _c491617
_d491614